A Maros-Tisza-szög földrajza

Elmentve itt :
Bibliográfiai részletek
Szerző: Karakasevich Károly
Dokumentumtípus: Könyv
Megjelent: Ablaka György Szeged 1942
Sorozat:Értekezések a Magyar Királyi Horthy Miklós Tudományegyetem Földrajzi Intézetéből 31.
Kulcsszavak:Körös-Tisza-Maros-köz - földrajz
Tárgyszavak:
Online Access:http://acta.bibl.u-szeged.hu/50163
LEADER 00807nam a2200205 i 4500
001 acta50163
005 20210825093911.0
008 180220s1942 hu o 0|| hun d
040 |a SZTE Egyetemi Kiadványok Repozitórium  |b hun 
041 |a hun 
041 |a ger 
100 1 |a Karakasevich Károly 
245 1 2 |a A Maros-Tisza-szög földrajza  |h [elektronikus dokumentum] /  |c  Karakasevich Károly 
260 |a Ablaka György  |b Szeged  |c 1942 
300 |a 64 p.  |c 22 cm 
490 0 |a Értekezések a Magyar Királyi Horthy Miklós Tudományegyetem Földrajzi Intézetéből  |v 31. 
650 4 |a Természettudományok 
650 4 |a Föld- és kapcsolódó környezettudományok 
695 |a Körös-Tisza-Maros-köz - földrajz 
856 4 0 |u http://acta.bibl.u-szeged.hu/50163/1/ertekezes_foldrajz_031.pdf  |z Dokumentum-elérés